000 004950000a22001930004500
020 _a0-908-089-07-4
041 0 _aENG
082 0 4 _aG 266.0092 G9645j
100 1 _aGuinness, Howard
245 1 0 _aJourney among students / Howard Guinness
250 _a2
260 _aSydney, Australia : Anglican Information Office
300 _a189 Pag
001 7465
942 _cBK
999 _c37678
_d37678
336 _atexto
_btxt
_2rdacontent
337 _2rdamedia
_asin mediación
_bn
338 _2rdacarrier
_avolumen
_bnc